[Event "Kadettlandskamp NOR-SWE B 2018"]
[Site "NTG, Bærum, Norway"]
[Date "2018.12.15"]
[Round "2.6"]
[White "Kizatbay, Abyl"]
[Black "Muntean, Viktor"]
[Result "1-0"]
[WhiteFideId "1521853"]
[BlackFideId "1054414"]
[WhiteElo "1952"]
[BlackElo "1791"]

1. e4 {[%clk 00:15:19]} {[%emt 00:02:56]} e5 {[%clk 00:15:19]} {[%emt
00:00:01]} 2. Nf3 {[%clk 00:15:27]} {[%emt 00:00:02]} Nc6 {[%clk 00:15:28]}
{[%emt 00:00:01]} 3. Bb5 {[%clk 00:15:36]} {[%emt 00:00:01]} a6 {[%clk
00:15:37]} {[%emt 00:00:02]} 4. Ba4 {[%clk 00:15:45]} Nf6 {[%clk 00:15:45]}
{[%emt 00:00:02]} 5. O-O {[%clk 00:15:51]} {[%emt 00:00:03]} Be7 {[%clk
00:15:54]} 6. d3 {[%clk 00:16:00]} {[%emt 00:00:01]} b5 {[%clk 00:15:59]}
{[%emt 00:00:06]} 7. Bb3 {[%clk 00:16:09]} d6 {[%clk 00:16:06]} {[%emt
00:00:02]} 8. a3 {[%clk 00:16:16]} {[%emt 00:00:04]} O-O {[%clk 00:15:59]}
{[%emt 00:00:17]} 9. Nc3 {[%clk 00:16:25]} Na5 {[%clk 00:15:09]} {[%emt
00:01:01]} 10. Ba2 {[%clk 00:16:33]} {[%emt 00:00:02]} c5 {[%clk 00:15:17]}
{[%emt 00:00:02]} 11. b4 {[%clk 00:16:36]} {[%emt 00:00:07]} cxb4 {[%clk
00:15:11]} {[%emt 00:00:15]} 12. axb4 {[%clk 00:16:42]} {[%emt 00:00:04]} Nc6
{[%clk 00:15:07]} {[%emt 00:00:14]} 13. Nd5 {[%clk 00:16:24]} {[%emt 00:00:27]}
Be6 {[%clk 00:13:33]} {[%emt 00:01:46]} 14. Qd2 {[%clk 00:14:37]} {[%emt
00:01:57]} a5 {[%clk 00:11:46]} {[%emt 00:01:57]} 15. bxa5 {[%clk 00:13:18]}
{[%emt 00:01:29]} Qxa5 {[%clk 00:11:28]} {[%emt 00:00:28]} 16. Qxa5 {[%clk
00:13:01]} {[%emt 00:00:28]} Rxa5 {[%clk 00:11:34]} {[%emt 00:00:04]} 17. Bd2
{[%clk 00:13:02]} {[%emt 00:00:08]} Rxa2 {[%clk 00:10:30]} {[%emt 00:01:14]} 18.
Rxa2 {[%clk 00:12:39]} {[%emt 00:00:33]} Nxd5 {[%clk 00:10:35]} {[%emt
00:00:04]} 19. exd5 {[%clk 00:12:45]} {[%emt 00:00:04]} Bxd5 {[%clk 00:10:43]}
{[%emt 00:00:02]} 20. Rb2 {[%clk 00:11:53]} {[%emt 00:01:02]} Bxf3 {[%clk
00:09:28]} {[%emt 00:01:26]} 21. gxf3 {[%clk 00:11:55]} {[%emt 00:00:08]} f5
{[%clk 00:07:52]} {[%emt 00:01:46]} 22. c3 {[%clk 00:10:56]} {[%emt 00:01:09]}
b4 {[%clk 00:04:08]} {[%emt 00:03:55]} 23. cxb4 {[%clk 00:11:02]} {[%emt
00:00:04]} Nd4 {[%clk 00:03:47]} {[%emt 00:00:30]} 24. b5 {[%clk 00:10:39]}
{[%emt 00:00:34]} Nxf3+ {[%clk 00:03:18]} {[%emt 00:00:40]} 25. Kh1 {[%clk
00:10:22]} {[%emt 00:00:26]} Nxd2 {[%clk 00:02:43]} {[%emt 00:00:45]} 26. Rxd2
{[%clk 00:10:30]} {[%emt 00:00:02]} Rb8 {[%clk 00:02:52]} 27. Rb1 {[%clk
00:10:23]} {[%emt 00:00:17]} Rb6 {[%clk 00:03:01]} 28. Rc2 {[%clk 00:10:10]}
{[%emt 00:00:25]} Kf7 {[%clk 00:02:18]} {[%emt 00:00:53]} 29. Rc6 {[%clk
00:08:17]} {[%emt 00:02:02]} Rb8 {[%clk 00:02:27]} {[%emt 00:00:02]} 30. b6
{[%clk 00:06:11]} {[%emt 00:02:16]} Ke6 {[%clk 00:01:47]} {[%emt 00:00:49]} 31.
Kg2 {[%clk 00:05:00]} {[%emt 00:01:21]} Bd8 {[%clk 00:01:24]} {[%emt 00:00:34]}
32. b7 {[%clk 00:03:48]} {[%emt 00:01:22]} Kd7 {[%clk 00:01:31]} {[%emt
00:00:03]} 33. Ra6 {[%clk 00:03:19]} {[%emt 00:00:39]} Bc7 {[%clk 00:00:45]}
{[%emt 00:00:56]} 34. Ra8 {[%clk 00:02:51]} {[%emt 00:00:38]} Kc6 {[%clk
00:00:38]} {[%emt 00:00:17]} 35. Rxb8 {[%clk 00:02:30]} {[%emt 00:00:30]} Bxb8
{[%clk 00:00:47]} {[%emt 00:00:01]} 36. h4 {[%clk 00:02:33]} {[%emt 00:00:07]}
e4 {[%clk 00:00:20]} {[%emt 00:00:38]} 37. dxe4 {[%clk 00:02:30]} {[%emt
00:00:13]} fxe4 {[%clk 00:00:29]} 38. f3 {[%clk 00:02:27]} {[%emt 00:00:13]} e3
{[%clk 00:00:12]} {[%emt 00:00:26]} 39. Kf1 {[%clk 00:02:34]} {[%emt 00:00:03]}
d5 {[%clk 00:00:21]} {[%emt 00:00:02]} 40. Ke2 {[%clk 00:02:35]} {[%emt
00:00:08]} d4 {[%clk 00:00:29]} {[%emt 00:00:01]} 41. Kd3 {[%clk 00:02:43]}
{[%emt 00:00:03]} h6 {[%clk 00:00:16]} {[%emt 00:00:23]} 42. Kxd4 {[%clk
00:02:39]} {[%emt 00:00:14]} e2 {[%clk 00:00:25]} 43. Ke3 {[%clk 00:02:05]}
{[%emt 00:00:43]} e1=Q+ {[%clk 00:00:27]} {[%emt 00:00:08]} 44. Rxe1 {[%clk
00:02:14]} {[%emt 00:00:01]} Kxb7 {[%clk 00:00:28]} {[%emt 00:00:10]} 45. f4
{[%clk 00:01:12]} {[%emt 00:01:12]} Bd6 {[%clk 00:00:29]} {[%emt 00:00:09]} 46.
Ke4 {[%clk 00:01:01]} {[%emt 00:00:21]} Be7 {[%clk 00:00:36]} {[%emt 00:00:03]}
47. h5 {[%clk 00:01:09]} {[%emt 00:00:02]} Kc6 {[%clk 00:00:32]} {[%emt
00:00:14]} 48. Kf5 {[%clk 00:01:18]} {[%emt 00:00:01]} Bf6 {[%clk 00:00:41]}
{[%emt 00:00:01]} 49. Re6+ {[%clk 00:01:16]} {[%emt 00:00:12]} Kd7 {[%clk
00:00:49]} {[%emt 00:00:02]} 50. Rxf6 {[%clk 00:01:24]} {[%emt 00:00:01]} 1-0

[Event "Kadettlandskamp NOR-SWE B 2018"]
[Site "NTG, Bærum, Norway"]
[Date "2018.12.15"]
[Round "3.1"]
[White "Kizatbay, Abyl"]
[Black "Falkevall, Axel"]
[Result "1-0"]
[WhiteFideId "1521853"]
[BlackFideId "1735560"]
[WhiteElo "1952"]
[BlackElo "1715"]

1. e4 {[%clk 00:15:18]} {[%emt 00:10:34]} e6 {[%clk 00:15:18]} {[%emt
00:00:09]} 2. d4 {[%clk 00:15:26]} {[%emt 00:00:02]} d5 {[%clk 00:15:28]} 3.
Bd3 {[%clk 00:15:33]} {[%emt 00:00:03]} dxe4 {[%clk 00:15:35]} {[%emt
00:00:03]} 4. Bxe4 {[%clk 00:15:42]} {[%emt 00:00:01]} Nf6 {[%clk 00:15:44]}
{[%emt 00:00:01]} 5. Bf3 {[%clk 00:15:51]} c5 {[%clk 00:15:46]} {[%emt
00:00:08]} 6. Ne2 {[%clk 00:15:58]} {[%emt 00:00:03]} Nc6 {[%clk 00:15:52]}
{[%emt 00:00:04]} 7. Be3 {[%clk 00:16:06]} {[%emt 00:00:01]} Be7 {[%clk
00:15:12]} {[%emt 00:00:51]} 8. O-O {[%clk 00:15:51]} {[%emt 00:00:25]} cxd4
{[%clk 00:14:58]} {[%emt 00:00:24]} 9. Nxd4 {[%clk 00:15:46]} {[%emt 00:00:15]}
Nxd4 {[%clk 00:15:01]} {[%emt 00:00:06]} 10. Bxd4 {[%clk 00:15:39]} {[%emt
00:00:18]} O-O {[%clk 00:15:07]} {[%emt 00:00:04]} 11. Nc3 {[%clk 00:15:46]}
{[%emt 00:00:03]} Qa5 {[%clk 00:14:24]} {[%emt 00:00:52]} 12. Qe2 {[%clk
00:15:04]} {[%emt 00:00:53]} Rd8 {[%clk 00:12:50]} {[%emt 00:01:43]} 13. Rad1
{[%clk 00:14:46]} {[%emt 00:00:28]} a6 {[%clk 00:11:50]} {[%emt 00:01:10]} 14.
Rfe1 {[%clk 00:12:15]} {[%emt 00:02:41]} Qc7 {[%clk 00:10:20]} {[%emt
00:01:40]} 15. Qe3 {[%clk 00:11:12]} {[%emt 00:01:13]} Nd7 {[%clk 00:09:15]}
{[%emt 00:01:15]} 16. Nd5 {[%clk 00:10:55]} {[%emt 00:00:27]} Qd6 {[%clk
00:08:41]} {[%emt 00:00:44]} 17. Bc3 {[%clk 00:09:51]} {[%emt 00:01:14]} Qc5
{[%clk 00:08:11]} {[%emt 00:00:40]} 18. Nxe7+ {[%clk 00:09:08]} {[%emt
00:00:53]} Qxe7 {[%clk 00:08:16]} {[%emt 00:00:04]} 19. Qd4 {[%clk 00:07:59]}
{[%emt 00:01:20]} Qg5 {[%clk 00:08:04]} {[%emt 00:00:22]} 20. h4 {[%clk
00:07:56]} {[%emt 00:00:13]} Qg6 {[%clk 00:07:58]} {[%emt 00:00:14]} 21. h5
{[%clk 00:06:03]} {[%emt 00:02:06]} Qg5 {[%clk 00:07:12]} {[%emt 00:00:54]} 22.
Re4 {[%clk 00:05:46]} {[%emt 00:00:29]} e5 {[%clk 00:07:07]} {[%emt 00:00:14]}
23. Rxe5 {[%clk 00:05:43]} {[%emt 00:00:12]} Qf6 {[%clk 00:06:56]} {[%emt
00:00:22]} 24. Rd5 {[%clk 00:05:25]} {[%emt 00:00:28]} Qxd4 {[%clk 00:06:49]}
{[%emt 00:00:16]} 25. R1xd4 {[%clk 00:05:33]} {[%emt 00:00:02]} b6 {[%clk
00:06:49]} {[%emt 00:00:10]} 26. Rxd7 {[%clk 00:05:28]} {[%emt 00:00:16]} Bxd7
{[%clk 00:06:56]} {[%emt 00:00:02]} 27. Bxa8 {[%clk 00:05:32]} {[%emt
00:00:06]} Rxa8 {[%clk 00:07:05]} 28. Rxd7 {[%clk 00:05:41]} 1-0

[Event "Kadettlandskamp NOR-SWE B 2018"]
[Site "NTG, Bærum, Norway"]
[Date "2018.12.15"]
[Round "3.2"]
[White "Melaa, Sondre Lillestøl"]
[Black "Olsson, William"]
[Result "0-1"]
[WhiteFideId "1530470"]
[BlackFideId "1741721"]
[WhiteElo "1838"]
[BlackElo "1743"]

1. d4 {[%clk 00:15:17]} {[%emt 00:00:02]} d5 {[%clk 00:15:19]} {[%emt
00:00:02]} 2. Bf4 {[%clk 00:15:23]} {[%emt 00:00:04]} Bf5 {[%clk 00:15:25]}
{[%emt 00:00:05]} 3. e3 {[%clk 00:15:30]} {[%emt 00:00:03]} e6 {[%clk
00:15:33]} {[%emt 00:00:02]} 4. Bd3 {[%clk 00:15:34]} {[%emt 00:00:05]} Bg6
{[%clk 00:15:39]} {[%emt 00:00:04]} 5. Nd2 {[%clk 00:15:31]} {[%emt 00:00:13]}
Nf6 {[%clk 00:15:46]} {[%emt 00:00:03]} 6. Ngf3 {[%clk 00:15:32]} {[%emt
00:00:09]} c6 {[%clk 00:15:51]} {[%emt 00:00:05]} 7. Qe2 {[%clk 00:15:24]}
{[%emt 00:00:17]} Nbd7 {[%clk 00:15:55]} {[%emt 00:00:06]} 8. h3 {[%clk
00:14:32]} {[%emt 00:01:02]} Be7 {[%clk 00:15:47]} {[%emt 00:00:17]} 9. O-O
{[%clk 00:14:37]} {[%emt 00:00:06]} c5 {[%clk 00:15:47]} {[%emt 00:00:12]} 10.
c3 {[%clk 00:14:30]} {[%emt 00:00:15]} c4 {[%clk 00:15:46]} {[%emt 00:00:12]}
11. Bxg6 {[%clk 00:14:29]} {[%emt 00:00:11]} hxg6 {[%clk 00:15:54]} {[%emt
00:00:02]} 12. e4 {[%clk 00:14:23]} {[%emt 00:00:15]} b5 {[%clk 00:15:19]}
{[%emt 00:00:45]} 13. exd5 {[%clk 00:12:09]} {[%emt 00:02:24]} Nxd5 {[%clk
00:15:18]} {[%emt 00:00:11]} 14. Bh2 {[%clk 00:12:14]} {[%emt 00:00:06]} O-O
{[%clk 00:14:16]} {[%emt 00:01:12]} 15. Rfe1 {[%clk 00:11:44]} {[%emt
00:00:39]} Rc8 {[%clk 00:14:00]} {[%emt 00:00:27]} 16. Ne5 {[%clk 00:09:51]}
{[%emt 00:02:02]} Nxe5 {[%clk 00:13:29]} {[%emt 00:00:41]} 17. Bxe5 {[%clk
00:09:58]} {[%emt 00:00:03]} Bf6 {[%clk 00:13:10]} {[%emt 00:00:30]} 18. Ne4
{[%clk 00:07:51]} {[%emt 00:02:17]} Bxe5 {[%clk 00:11:55]} {[%emt 00:01:26]} 19.
dxe5 {[%clk 00:08:00]} {[%emt 00:00:01]} Nf4 {[%clk 00:12:03]} {[%emt
00:00:01]} 20. Qg4 {[%clk 00:07:41]} {[%emt 00:00:28]} Nd3 {[%clk 00:12:10]}
{[%emt 00:00:04]} 21. Re3 {[%clk 00:07:48]} {[%emt 00:00:02]} Nxe5 {[%clk
00:12:08]} {[%emt 00:00:13]} 22. Qg3 {[%clk 00:07:33]} {[%emt 00:00:24]} Nd7
{[%clk 00:10:50]} {[%emt 00:01:28]} 23. Rd1 {[%clk 00:06:22]} {[%emt 00:01:22]}
Qe7 {[%clk 00:10:50]} {[%emt 00:00:10]} 24. Qd6 {[%clk 00:03:29]} {[%emt
00:03:03]} Qxd6 {[%clk 00:10:11]} {[%emt 00:00:49]} 25. Nxd6 {[%clk 00:03:37]}
{[%emt 00:00:02]} Rc5 {[%clk 00:09:18]} {[%emt 00:01:03]} 26. Nxc4 {[%clk
00:03:20]} {[%emt 00:00:26]} Nf6 {[%clk 00:08:25]} {[%emt 00:01:03]} 27. Nd6
{[%clk 00:02:05]} {[%emt 00:01:25]} Nd5 {[%clk 00:08:05]} {[%emt 00:00:30]} 28.
Red3 {[%clk 00:02:13]} {[%emt 00:00:01]} Nf4 {[%clk 00:07:36]} {[%emt
00:00:38]} 29. R3d2 {[%clk 00:02:19]} {[%emt 00:00:05]} Rg5 {[%clk 00:07:19]}
{[%emt 00:00:27]} 30. g3 {[%clk 00:01:07]} {[%emt 00:01:23]} Nxh3+ {[%clk
00:06:37]} {[%emt 00:00:51]} 31. Kh2 {[%clk 00:01:15]} {[%emt 00:00:02]} Rh5
{[%clk 00:06:46]} {[%emt 00:00:02]} 32. g4 {[%clk 00:01:15]} {[%emt 00:00:10]}
Rh6 {[%clk 00:06:35]} {[%emt 00:00:19]} 33. Kg3 {[%clk 00:01:21]} {[%emt
00:00:04]} f5 {[%clk 00:06:26]} {[%emt 00:00:21]} 34. gxf5 {[%clk 00:01:00]}
{[%emt 00:00:31]} gxf5 {[%clk 00:06:17]} {[%emt 00:00:19]} 35. Nxb5 {[%clk
00:00:58]} {[%emt 00:00:12]} a6 {[%clk 00:05:33]} {[%emt 00:00:54]} 36. Nc7
{[%clk 00:00:56]} {[%emt 00:00:12]} f4+ {[%clk 00:05:28]} {[%emt 00:00:15]} 37.
Kg4 {[%clk 00:00:49]} {[%emt 00:00:17]} e5 {[%clk 00:03:55]} {[%emt 00:01:43]}
38. Kf3 {[%clk 00:00:46]} {[%emt 00:00:13]} Ng5+ {[%clk 00:03:49]} {[%emt
00:00:16]} 39. Ke2 {[%clk 00:00:55]} {[%emt 00:00:01]} Rh2 {[%clk 00:03:45]}
{[%emt 00:00:13]} 40. Rg1 {[%clk 00:00:22]} {[%emt 00:00:42]} Nh3 {[%clk
00:03:42]} {[%emt 00:00:15]} 41. Rf1 {[%clk 00:00:20]} {[%emt 00:00:12]} Rf7
{[%clk 00:03:26]} {[%emt 00:00:26]} 42. Ne6 {[%clk 00:00:26]} {[%emt 00:00:04]}
Re7 {[%clk 00:03:34]} {[%emt 00:00:02]} 43. Rd8+ {[%clk 00:00:21]} {[%emt
00:00:15]} Kf7 {[%clk 00:03:38]} {[%emt 00:00:05]} 44. Nc5 {[%clk 00:00:27]}
{[%emt 00:00:04]} e4 {[%clk 00:03:40]} {[%emt 00:00:08]} 45. Rd7 {[%clk
00:00:25]} {[%emt 00:00:12]} Rxd7 {[%clk 00:03:09]} {[%emt 00:00:41]} 46. Nxd7
{[%clk 00:00:35]} e3 {[%clk 00:02:58]} {[%emt 00:00:21]} 47. Ne5+ {[%clk
00:00:36]} {[%emt 00:00:08]} Ke6 {[%clk 00:03:04]} {[%emt 00:00:05]} 48. Ng4
{[%clk 00:00:40]} {[%emt 00:00:05]} Rg2 {[%clk 00:03:12]} {[%emt 00:00:03]} 49.
Kf3 {[%clk 00:00:39]} {[%emt 00:00:10]} Rg1 {[%clk 00:02:09]} {[%emt 00:01:13]}
50. Nh2 {[%clk 00:00:13]} {[%emt 00:00:37]} exf2 {[%clk 00:01:26]} {[%emt
00:00:53]} 51. c4 {[%clk 00:00:16]} {[%emt 00:00:08]} g5 {[%clk 00:01:34]} 52.
Ke2 {[%clk 00:00:15]} {[%emt 00:00:11]} g4 {[%clk 00:01:10]} {[%emt 00:00:34]}
53. Rxf2 {[%clk 00:00:18]} {[%emt 00:00:07]} Nxf2 {[%clk 00:01:17]} {[%emt
00:00:03]} 54. Kxf2 {[%clk 00:00:27]} {[%emt 00:00:02]} Rb1 {[%clk 00:01:15]}
{[%emt 00:00:11]} 55. Nxg4 {[%clk 00:00:35]} {[%emt 00:00:02]} Rxb2+ {[%clk
00:01:22]} {[%emt 00:00:04]} 56. Kf3 {[%clk 00:00:44]} Kf5 {[%clk 00:01:24]}
{[%emt 00:00:09]} 57. Nh6+ {[%clk 00:00:51]} {[%emt 00:00:02]} Kg6 {[%clk
00:01:32]} {[%emt 00:00:02]} 58. Ng8 {[%clk 00:00:24]} {[%emt 00:00:38]} Rb7
{[%clk 00:01:33]} {[%emt 00:00:08]} 59. c5 {[%clk 00:00:26]} {[%emt 00:00:08]}
Kg7 {[%clk 00:01:38]} {[%emt 00:00:06]} 60. c6 {[%clk 00:00:33]} {[%emt
00:00:03]} Rc7 {[%clk 00:01:46]} {[%emt 00:00:02]} 61. Ne7 {[%clk 00:00:29]}
{[%emt 00:00:14]} Rxe7 {[%clk 00:01:55]} {[%emt 00:00:01]} 62. Kxf4 {[%clk
00:00:38]} Kf6 {[%clk 00:01:59]} {[%emt 00:00:06]} 0-1

[Event "Kadettlandskamp NOR-SWE B 2018"]
[Site "NTG, Bærum, Norway"]
[Date "2018.12.15"]
[Round "3.3"]
[White "Fossan, Aleksander"]
[Black "Nguyen, Gabriel"]
[Result "1-0"]
[WhiteFideId "1519794"]
[BlackFideId "1720791"]
[WhiteElo "1903"]
[BlackElo "1906"]

1. e4 {[%clk 00:15:18]} {[%emt 00:00:03]} c5 {[%clk 00:15:27]} {[%emt
00:00:02]} 2. c3 {[%clk 00:15:27]} {[%emt 00:00:01]} Nf6 {[%clk 00:15:35]}
{[%emt 00:00:02]} 3. e5 {[%clk 00:15:36]} Nd5 {[%clk 00:15:44]} 4. d4 {[%clk
00:15:46]} cxd4 {[%clk 00:15:52]} {[%emt 00:00:02]} 5. Nf3 {[%clk 00:15:55]} e6
{[%clk 00:16:00]} {[%emt 00:00:02]} 6. cxd4 {[%clk 00:16:03]} {[%emt 00:00:02]}
d6 {[%clk 00:16:09]} {[%emt 00:00:01]} 7. Bc4 {[%clk 00:16:11]} {[%emt
00:00:03]} Nb6 {[%clk 00:16:15]} {[%emt 00:00:03]} 8. Bb3 {[%clk 00:16:18]}
{[%emt 00:00:03]} Bd7 {[%clk 00:15:44]} {[%emt 00:00:41]} 9. O-O {[%clk
00:16:23]} {[%emt 00:00:06]} Bc6 {[%clk 00:15:23]} {[%emt 00:00:31]} 10. Nc3
{[%clk 00:15:57]} {[%emt 00:00:35]} dxe5 {[%clk 00:14:39]} {[%emt 00:00:54]} 11.
Nxe5 {[%clk 00:15:45]} {[%emt 00:00:23]} Bd6 {[%clk 00:13:18]} {[%emt
00:01:30]} 12. Nxc6 {[%clk 00:14:23]} {[%emt 00:01:33]} bxc6 {[%clk 00:10:43]}
{[%emt 00:02:45]} 13. Bc2 {[%clk 00:10:51]} {[%emt 00:03:43]} N8d7 {[%clk
00:10:22]} {[%emt 00:00:29]} 14. Ne4 {[%clk 00:09:25]} {[%emt 00:01:37]} Be7
{[%clk 00:09:40]} {[%emt 00:00:52]} 15. Qg4 {[%clk 00:08:53]} {[%emt 00:00:42]}
g6 {[%clk 00:08:32]} {[%emt 00:01:17]} 16. Bh6 {[%clk 00:06:21]} {[%emt
00:02:43]} Nd5 {[%clk 00:07:04]} {[%emt 00:01:36]} 17. Qf3 {[%clk 00:06:01]}
{[%emt 00:00:30]} Rb8 {[%clk 00:05:46]} {[%emt 00:01:29]} 18. Ba4 {[%clk
00:04:55]} {[%emt 00:01:16]} Rc8 {[%clk 00:04:06]} {[%emt 00:01:49]} 19. Rac1
{[%clk 00:04:53]} {[%emt 00:00:14]} Nb8 {[%clk 00:03:54]} {[%emt 00:00:21]} 20.
Bg7 {[%clk 00:04:35]} {[%emt 00:00:28]} Rg8 {[%clk 00:03:56]} {[%emt 00:00:08]}
21. Be5 {[%clk 00:04:44]} {[%emt 00:00:02]} Nb6 {[%clk 00:03:48]} {[%emt
00:00:18]} 22. Bb3 {[%clk 00:03:30]} {[%emt 00:01:24]} N8d7 {[%clk 00:02:35]}
{[%emt 00:01:22]} 23. Bd6 {[%clk 00:03:29]} {[%emt 00:00:12]} Nd5 {[%clk
00:02:40]} {[%emt 00:00:05]} 24. Rfe1 {[%clk 00:02:57]} {[%emt 00:00:43]} f5
{[%clk 00:02:17]} {[%emt 00:00:32]} 25. Bxe7 {[%clk 00:02:26]} {[%emt
00:00:41]} Kxe7 {[%clk 00:01:39]} {[%emt 00:00:47]} 26. Ng5 {[%clk 00:02:11]}
{[%emt 00:00:26]} Nf8 {[%clk 00:01:44]} {[%emt 00:00:05]} 27. Bxd5 {[%clk
00:01:58]} {[%emt 00:00:22]} cxd5 {[%clk 00:01:52]} {[%emt 00:00:02]} 28. Rxc8
{[%clk 00:02:07]} {[%emt 00:00:02]} Qxc8 {[%clk 00:02:01]} 29. Qxd5 {[%emt
00:00:10]} Kf6 {[%clk 00:02:09]} 30. Nxe6 {[%clk 00:00:45]} {[%emt 00:01:34]}
Nxe6 {[%clk 00:02:13]} {[%emt 00:00:05]} 31. Qe5+ {[%clk 00:00:51]} {[%emt
00:00:04]} Kf7 {[%clk 00:02:18]} {[%emt 00:00:03]} 32. d5 {[%clk 00:00:58]}
{[%emt 00:00:04]} Re8 {[%clk 00:02:17]} {[%emt 00:00:10]} 33. dxe6+ {[%clk
00:00:57]} {[%emt 00:00:12]} Rxe6 {[%clk 00:02:13]} {[%emt 00:00:14]} 34. Qxe6+
{[%clk 00:01:01]} {[%emt 00:00:07]} Qxe6 {[%clk 00:02:22]} {[%emt 00:00:01]} 35.
Rxe6 {[%clk 00:01:10]} Kxe6 {[%clk 00:02:30]} {[%emt 00:00:01]} 36. Kf1 {[%clk
00:01:17]} {[%emt 00:00:03]} Kd5 {[%clk 00:02:31]} {[%emt 00:00:09]} 37. Ke2
{[%clk 00:01:26]} {[%emt 00:00:01]} Kc4 {[%clk 00:02:19]} {[%emt 00:00:21]} 38.
Ke3 {[%clk 00:01:17]} {[%emt 00:00:19]} a5 {[%clk 00:01:46]} {[%emt 00:00:42]}
39. h4 {[%clk 00:01:25]} {[%emt 00:00:03]} h6 {[%clk 00:01:51]} {[%emt
00:00:06]} 40. f3 {[%clk 00:01:20]} {[%emt 00:00:16]} Kd5 {[%clk 00:01:23]}
{[%emt 00:00:36]} 41. a3 {[%clk 00:00:45]} {[%emt 00:00:46]} Kc4 {[%clk
00:01:19]} {[%emt 00:00:14]} 42. b4 {[%clk 00:00:54]} axb4 {[%clk 00:01:19]}
{[%emt 00:00:10]} 43. axb4 {[%clk 00:01:03]} {[%emt 00:00:01]} Kxb4 {[%clk
00:01:28]} 44. Kd4 {[%clk 00:01:02]} {[%emt 00:00:12]} g5 {[%clk 00:01:19]}
{[%emt 00:00:18]} 45. hxg5 {[%clk 00:01:06]} {[%emt 00:00:06]} hxg5 {[%clk
00:01:28]} {[%emt 00:00:01]} 46. Ke5 {[%clk 00:01:16]} g4 {[%clk 00:01:36]} 47.
Kxf5 {[%clk 00:01:22]} {[%emt 00:00:04]} gxf3 {[%clk 00:01:43]} {[%emt
00:00:03]} 48. gxf3 {[%clk 00:01:31]} Kc5 {[%clk 00:01:50]} {[%emt 00:00:03]}
49. Ke6 {[%clk 00:01:38]} {[%emt 00:00:03]} Kc6 {[%clk 00:01:53]} {[%emt
00:00:07]} 50. f4 {[%clk 00:01:47]} {[%emt 00:00:01]} Kc7 {[%clk 00:02:01]}
{[%emt 00:00:02]} 51. Ke7 {[%clk 00:01:57]} {[%emt 00:00:01]} Kc8 {[%clk
00:02:08]} {[%emt 00:00:02]} 52. f5 {[%clk 00:02:06]} 1-0